000
00295nam a22001337a 4500
008
170911b xxu||||| |||| 00| 0 eng d
020
_a
9780735408401
041
_a
eng
080
_a
52
100
_a
42
101
_a
AST
245
_a
2011 GRADUATE PROGRAMS
_c
LANZEROTTI,L.L
942
_2
udc
_c
BK
999
_c
27144
_d
27144